How Do You Say....? Quiz Stats

 Plays Quiz Updated Dec 11, 2017

Challenge
Share
Tweet
Embed
Score 0/20 Timer 04:00
0 Plays Today
Phrase Language % Correct
Cómo se dice...Spanish
90.2%
...中文怎么说 (...zhōngwén zěnme shuō)Mandarin Chinese
86.4%
...を日本語で何と言いますか。 (...de nanto īmasu ka)Japanese
85.3%
Come si dice...Italian
82%
Wie sagt man...German
81.5%
...كيف تقول كلمة (Kayfa taqūlu kalimah...)Arabic
80.3%
Comment dit-on...French
77.5%
Как сказать... (Kak skazat'...)Russian
74.3%
Como se diz...Portuguese
73.7%
Πώς λέτε... (Pos léte...)Greek
63.4%
Phrase Language % Correct
...איך אומרים (Eych omrim...)Hebrew
60%
Hoe zeg je...Dutch
43.8%
Hvordan sier du...Norwegian
37.6%
Jak się mówi...Polish
37.5%
Hvernig segir maður...Icelandic
32.8%
...nasıl denirTurkish
27.9%
Как ще кажеш... (Kak šte kažeš...)Bulgarian
22.6%
Како се каже... (Kako se kaže...)Serbian
21.9%
Bagaimana cara mengatakan...Indonesian
14.2%
Hoe sê u...Afrikaans
9.6%

You're not logged in!

Compare scores with friends on all Sporcle quizzes.
OR
Log In

You Might Also Like...

Show Comments

Extras

Top Quizzes Today


Score Distribution

Your Account Isn't Verified!

In order to create a playlist on Sporcle, you need to verify the email address you used during registration. Go to your Sporcle Settings to finish the process.

Report this User

Report this user for behavior that violates our Community Guidelines.

Details: